000 00761nam a2200229Ia 4500
003 GCL
005 20240530105321.0
008 140319s9999 xx 000 0 ara d
040 _aGCL /
_cGCL
082 0 4 _a910.09
_bج ج
100 1 _aجودة حسنين جودة
245 1 0 _aجغرافية اوربا الاقليمية /
_cجودة حسنين جودة
250 _aالخامسة
260 _aبيروت :
_bدار النهضة العربية للطباعة والنشر ،
_c1978
300 _a625ص ؛
_c24سم
650 0 4 _aايطاليا
650 0 4 _aالتضاريس
650 0 4 _aالجغرافيا الاقليمية
650 0 4 _aالاقاليم المناخية
650 0 4 _aالاقاليم النباتية
942 _2ddc
_cBK
999 _c54856
_d54856